Historia universal siglo XXI

Uloženo v:
Podrobná bibliografie
Médium: Kniha
Jazyk:španělština
Vydáno: Ciudad de México, México Siglo veintiuno 1979
Vydání:Quinta edición
Témata:
Tagy: Přidat tag
Žádné tagy, Buďte první, kdo vytvoří štítek k tomuto záznamu!

MARC

LEADER 00000cam a2200000 a 4500
001 UCP5499
003 CL-VaPUC
005 20241025112420.0
008 990910e19790000MX |||||||||||||||||spa|d
999 |c 283243  |d 283241 
040 |c Pontificia Universidad Católica de Valparaíso 
082 0 4 |a 909 HIS 1979  |2 21 
245 1 0 |a Historia universal siglo XXI 
250 |a Quinta edición 
260 |a Ciudad de México, México  |b Siglo veintiuno  |c 1979 
300 |a volúmenes 
500 |a v.1: Prehistoria 
500 |a v.2 t.1: Los imperios del antiguo Oriente. Del Paleolítico a la mitad del segundo milenio 
500 |a v.3 t.2: Los imperios del Antiguo Oriente. El fin del segundo milenio 
500 |a v.4 t.3: Los imperios del antiguo oriente. La primera mitad del primer milenio 
500 |a v.5: Griegos y persas. El mundo mediterráneo en la Edad Antigua I 
500 |a v.6: El helenismo y el auge de Roma. El mundo mediterráneo en la Edad Antigua II 
500 |a v.7: La formación del Imperio romano. El mundo mediterráneo en la Edad Antigua III 
500 |a v.8: El imperio romano y sus pueblos limítrofes. El mundo mediterráneo en la Edad Antigua IV 
500 |a v.9: Las transformaciones del mundo mediterráneo. Siglos III-VIII 
500 |a v.10: La Alta Edad Media 
500 |a v.11: La Baja Edad Media 
500 |a v.12: Los fundamentos del mundo moderno. Edad Media tardía, Renacimiento, Reforma 
500 |a v.13: Bizancio 
500 |a v.14 t.1: El Islam. Desde los orígenes hasta el comienzo del Imperio otomano 
500 |a v.15 t.2: El Islam. Desde la caída de Constantinopla hasta nuestros días 
500 |a v.16: Asia Central 
500 |a v.17: India. Historia del subcontinente desde las culturas del Indo hasta el comienzo del dominio inglés 
500 |a v.18: Asia Sudoriental. Antes de la época colonial 
500 |a v.19: El Imperio chino 
500 |a v.20: El Imperio japonés 
500 |a v.21 t.1: América Latina. Antiguas culturas precolombinas 
500 |a v.22 t.2: América Latina. La época colonial 
500 |a v.23 t.3: América Latina. De la independencia a la segunda guerra mundial 
500 |a v.24: Los inicios de la Europa moderna, 1550-1648 
500 |a v.25: La época del absolutismo y la ilustración, 1648-1779 
500 |a v.26: La época de las revoluciones europeas, 1780-1848 
500 |a v.27: La época de la burguesía 
500 |a v.28: La época del Imperialismo. Europa, 1885-1913 
500 |a v.29: Los imperios coloniales desde el siglo XVIII 
500 |a v.30: Los Estados Unidos de América 
500 |a v.31: Rusia 
500 |a v.32: Africa. Desde la prehistoria hasta los estados actuales 
500 |a v.33: Asia contemporánea 
500 |a v.34: El siglo veinte I. 1918-1945 
500 |a v.35 t.1-2: El siglo veinte. 1945-1982 
500 |a v.36: El siglo veinte, III. Problemas mundiales entre los dos bloquesde poder 
583 |a last modification  |c 20160711 12:51:50  |k Rodrigo Vera 
650 0 |a Historia antigua  |9 267521 
650 0 |a Guerras púnicas  |9 318990 
650 0 |a Imperio Romano  |9 322785 
651 0 |a Roma   |9 255106 
651 0 |a Grecia  |9 265314 
651 7 |a MEDITERRANEO  |2 CL-VaPUC  |9 269643 
651 0 |a África  |9 256790 
651 0 |a Egipto   |9 268199 
942 |c BK  |2 ddc 
945 |d 19990910 00:00:00  |a lriquelm 
952 |0 0  |1 0  |2 ddc  |4 0  |6 909_000000000000000_HIS_1979  |7 0  |8 A  |9 326153  |a BIBHIS  |b BIBHIS  |d 2019-11-20  |h v.6 t.2  |i 1369725  |o 909 HIS 1979  |p 1369725  |r 2025-01-20  |t 1  |w 2019-11-20  |y BK  |k HIS 
952 |0 0  |1 0  |2 ddc  |4 0  |6 909_000000000000000_HIS_1979  |7 0  |8 A  |9 326154  |a BIBHIS  |b BIBHIS  |d 2019-11-20  |h v.8 t.4  |i 1369733  |o 909 HIS 1979  |p 1369733  |r 2025-01-20  |t 1  |w 2019-11-20  |y BK  |k HIS 
952 |0 0  |1 0  |2 ddc  |4 0  |6 909_000000000000000_HIS_1979  |7 0  |8 A  |9 326155  |a BIBHIS  |b BIBHIS  |d 2019-11-20  |h v.8 t.4  |i 1369741  |o 909 HIS 1979  |p 1369741  |r 2025-01-20  |t 2  |w 2019-11-20  |y BK  |k HIS 
952 |0 0  |1 0  |2 ddc  |4 0  |6 909_000000000000000_HIS_1979  |7 0  |8 A  |9 326156  |a BIBHIS  |b BIBHIS  |d 2019-11-20  |h v.27  |i 1382411  |o 909 HIS 1979  |p 1382411  |r 2025-01-20  |t 1  |w 2019-11-20  |y BK  |k HIS 
952 |0 0  |1 0  |2 ddc  |4 0  |6 909_000000000000000_HIS_1979  |7 0  |8 A  |9 326157  |a BIBHIS  |b BIBHIS  |d 2019-11-20  |h v.16  |i 1384147  |o 909 HIS 1979  |p 1384147  |r 2025-01-20  |t 1  |w 2019-11-20  |y BK  |k HIS 
952 |0 0  |1 0  |2 ddc  |4 0  |6 909_000000000000000_HIS_1979  |7 0  |8 A  |9 326158  |a BIBHIS  |b BIBHIS  |d 2019-11-20  |h v.20  |i 1384155  |o 909 HIS 1979  |p 1384155  |r 2025-01-20  |t 1  |w 2019-11-20  |y BK  |k HIS 
952 |0 0  |1 0  |2 ddc  |4 0  |6 909_000000000000000_HIS_1979  |7 0  |8 A  |9 326159  |a BIBHIS  |b BIBHIS  |d 2019-11-20  |h v.31  |i 1384163  |o 909 HIS 1979  |p 1384163  |r 2025-01-20  |t 1  |w 2019-11-20  |y BK  |k HIS 
952 |0 0  |1 0  |2 ddc  |4 0  |6 909_000000000000000_HIS_1979  |7 0  |8 A  |9 326160  |a BIBHIS  |b BIBHIS  |d 2019-11-20  |h v.31  |i 1384171  |o 909 HIS 1979  |p 1384171  |r 2025-01-20  |t 2  |w 2019-11-20  |y BK  |k HIS 
952 |0 0  |1 0  |2 ddc  |3 erb  |4 0  |6 909_000000000000000_HIS_1979  |7 0  |8 A  |9 326161  |a FDOHBE  |b FDOHBE  |e Huesbe Llanos, Marco Antonio, 1934-  |h v.24  |i 5307929  |o 909 HIS 1979  |p 5307929  |r 2024-01-30  |t 1  |w 2019-11-20  |y BK  |z Catalogado en:20160713  |k HBE